| 000 | 01100nam a2200325 i 4500 | ||
|---|---|---|---|
| 003 | DO-SdBNP | ||
| 005 | 20240917153955.0 | ||
| 007 | ta | ||
| 008 | 240829s1985 sp a 000 0 spa d | ||
| 020 | _a8434581450 (obra completa) | ||
| 020 | _a8434581752 (v. 2) | ||
| 020 | _a8434581744 (v. 1) | ||
| 040 |
_aDO-SdBNP _bspa _cBNPHU _erda |
||
| 082 |
_bG633a _222 |
||
| 100 |
_aTroyat, Henri, _d1911-2007 _913620 |
||
| 240 |
_aDostoïevski / _lfre |
||
| 245 | 1 | 0 |
_aDostoyevski / _cHenri Troyat : prólogo Joaquín Marco : traducción Irene Andresco |
| 264 | 1 |
_aBarcelona, España : _bSalvat editores, _c1986. |
|
| 300 |
_a2 volúmenes _bilustraciones _c20 cm. |
||
| 336 |
_2rdacontent _atexto _btxt |
||
| 337 |
_2rdamedia _asin mediación _bn |
||
| 338 |
_2rdacarrier _avolumen _bnc |
||
| 490 | 1 |
_aBiblioteca Salvat de grandes biografías _v29, 30. |
|
| 504 | _aBibliografía del volumen 2 p: 373 | ||
| 590 | _aInventariado, 2024/ YL | ||
| 700 | 1 |
_4prol. _aMarco. Joaquín _eprólogo _959271 |
|
| 700 | 1 |
_4trad. _aAndresco, Irene _etraducción _986461 |
|
| 910 | _aYLockward | ||
| 942 |
_2ddc _cLBS1 |
||
| 999 |
_c57578 _d57578 |
||